Statistiken für Südamerika - Länder anhand von Städten

Klicken Sie hier um das Quiz zu spielen!

Allgemein

  • Dieses Quiz wurde 152 mal gespielt
  • Das Durchschnittsergebnis liegt bei 10 aus 12

Antwortstatistiken

StadtLand% Korrekt
Rio de JaneiroBrasilien
99%
La PazBolivien
94%
GeorgetownGuyana
89%
MedellinKolumbien
89%
CuscoPeru
86%
Santa Fe de la Vera CruzArgentinien
84%
GuayaquilEcuador
84%
ParamariboSuriname
84%
MaracaiboVenezuela
84%
Ciudad del EsteParaguay
82%
SaltoUruguay
81%
La SerenaChile
79%

Verteilung der Resultate

Perzentil nach korrekt beantworteten Fragen

Anzahl Personen mit jedem Resultat

Ihre Resultats-Entwicklung

Sie haben dieses Quiz noch nicht gespielt